000 nam a22 7a 4500
999 _c128471
_d128471
008 181101b xxu||||| |||| 00| 0 eng d
050 _aBX3703.U65
100 _aStuyt, Jan [et al]
_943195
245 _aThe upcoming generation
_bwhy are we jesuits
_cJan Stuyt et al...
260 _aRome
_bCentrum Ignatianum Spiritualitatis
_c1980
300 _a135p. ;
_c24cm.
650 _aJesuits
_xReligious life
_98340
942 _2lcc
_cMONOGRAPH